| 000 | 00684nam a2200229Ia 4500 | ||
|---|---|---|---|
| 008 | 131103s9999 xx 000 0 und d | ||
| 020 | _a070201586 5 | ||
| 040 | _aLoreto College | ||
| 041 | _aEnglish | ||
| 082 |
_a616.89/SIM _bLCLIB/42456 |
||
| 100 | _aSims, Andrew | ||
| 245 |
_aPsychiatry _cby Andrew Sims and David Owens |
||
| 250 | _a6th edition | ||
| 260 |
_aLondon _bBailliere Tindall _c1993 |
||
| 300 |
_a250 p. _b ill, fig., tables _c 22 cm. |
||
| 504 | _aIncludes bibliographical references and index | ||
| 650 | _aMedical Science - | ||
| 651 | _aMedical Science - Diseases - Psychiatry - | ||
| 700 | _aOwens, David | ||
| 850 | _aLCLIB/616.89/SIM | ||
| 942 | _cBK | ||
| 999 |
_c946 _d51425 |
||